000 02935cam a2200265 4500500
005 20260405003547.0
041 _afre
042 _adc
100 1 0 _aMartinais, Emmanuel
_eauthor
245 0 0 _aLa contribution des groupes d’intérêt à la production des lois et règlements. L’exemple de la prévention des risques industriels
260 _c2026.
500 _a70
520 _aCet article s’intéresse aux activités de lobbying des représentants industriels dans les arènes discrètes où s’élaborent les lois et règlements relatifs à la prévention des risques industriels. S’appuyant sur des observations empiriques menées entre 2002 et 2015, dans le cadre de la réforme engagée suite à la catastrophe d’AZF de 2001, l’analyse porte successivement sur trois aspects peu documentés du lobbying industriel : le travail continu de coordination des intérêts représentés, la variété des modalités d’agrégation des représentants de ces intérêts aux espaces de production normative et enfin, les effets de socialisation résultant des interactions de ces représentants avec les autres parties prenantes de la fabrique des lois et règlements. Au final, cette immersion dans les arènes discrètes de la production normative révèle une facette assez inattendue du lobbying industriel qui contraste fortement avec les analyses davantage centrées sur les capacités d’influence de ces acteurs dominants.
520 _aThis article examines the lobbying activities of industry representatives in the discreet arenas where laws and regulations relating to industrial risk prevention are developed. Based on empirical observations conducted between 2002 and 2015, as part of the reform initiated following the AZF disaster in 2001, the analysis focuses successively on three little-documented aspects of industrial lobbying: the ongoing work of coordinating the interests represented, the variety of ways in which representatives of these interests are brought together in normative production spaces, and finally, the socialisation effects resulting from the interactions of these representatives with other stakeholders in the law and regulation-making process. Ultimately, this immersion in the discreet arenas of normative production reveals a rather unexpected facet of industrial lobbying that contrasts sharply with analyses that focus more on the influence of these dominant actors.
690 _afabrique des lois et règlements
690 _agroupes d’intérêt
690 _alobbying industriel
690 _aprévention des risques industriels
690 _aindustrial lobbying
690 _aindustrial risk prevention
690 _ainterest groups
690 _alaw and regulation making
786 0 _nPolitix |  150 | 2 | 2026-02-09 | p. 113-141 | 0295-2319
856 4 1 _uhttps://shs.cairn.info/revue-politix-2025-2-page-113?lang=fr&redirect-ssocas=7080
999 _c2068754
_d2068754